La teoría del cuerpo negro y la discontinuidad cuántica 1894-1912 /

Bibliographic Details
Main Author: Kuhn, Thomas
Format: Libro
Language:English
Published: Madrid, España Alianza 1987
Edition:1a.ed.
Series:Alianza. Universidad 262
Subjects:
Online Access:

MARC

LEADER 00000cam a2200000 a 4500
001 017483
003 UAHC_CL
005 20170803121513.0
008 010822b xx j 000 1 eng
020 |a 8420622621 
040 |a UAHC_CL  |c UAHC_CL  |d UAHC_CL 
082 0 4 |a 501 K96 
100 1 |a Kuhn, Thomas 
245 1 3 |a La teoría del cuerpo negro y la discontinuidad cuántica 1894-1912 /  |c Thomas Kuhn. 
250 |a 1a.ed.  |b 1a.reimpresión 
260 |b Alianza  |c 1987  |a Madrid, España 
300 |a 402 p. 
490 0 |a Alianza. Universidad  |v 262 
650 4 |a RADIACION DEL CUERPO NEGRO 
650 4 |a TEORIA CUANTICA  |x HISTORIA 
650 4 |a TERMODINAMICA 
900 |a 501 KUHT 
942 |c BK 
952 |0 0  |1 0  |4 0  |6 501_000000000000000_KUHT  |7 0  |8 General  |9 34951  |a BC  |b BC  |c General  |d 2017-08-03  |l 0  |o 501 KUHT  |p 1300539  |r 2026-01-13 00:00:00  |t 1  |w 2017-08-03  |y BK 
952 |0 0  |1 0  |4 0  |6 501_000000000000000_KUHT  |7 0  |8 General  |9 34952  |a BC  |b BC  |c General  |d 2017-08-03  |l 0  |o 501 KUHT  |p 1324854  |r 2026-01-13 00:00:00  |t 2  |w 2017-08-03  |y BK 
952 |0 0  |1 0  |4 0  |6 501_000000000000000_KUHT  |7 0  |8 General  |9 34953  |a BC  |b BC  |c General  |d 2017-08-03  |l 0  |o 501 KUHT  |p 1324855  |r 2026-01-13 00:00:00  |t 3  |w 2017-08-03  |y BK 
999 |c 17483  |d 17483